[Event "6th Llucmajor Open 2017"]
[Site "Llucmajor ESP"]
[Date "2017.05.19"]
[Round "7.2"]
[White "Gordon,S"]
[Black "Romanov,E"]
[Result "1-0"]
[WhiteElo "2510"]
[BlackElo "2636"]

1.c4 e5 2.Nc3 Bb4 3.Nd5 Bc5 4.Nf3 c6 5.Nc3 d6 6.e3 Bb4 7.d4 Qe7 8.Qb3 Ba5
9.Qa3 Bc7 10.Be2 e4 11.Nd2 Nf6 12.O-O O-O 13.f3 exf3 14.Nxf3 c5 15.Bd2 Bg4
16.Rae1 Nbd7 17.Nh4 d5 18.cxd5 Ne4 19.Nxe4 Bxe2 20.Nf5 Qxe4 21.Rxe2 cxd4
22.Qe7 Qxe7 23.Nxe7+ Kh8 24.exd4 Bb6 25.Bc3 Nf6 26.d6 Rad8 27.Nf5 Nd5 28.Re7
Rb8 29.Re5 Nxc3 30.bxc3 g6 31.Ne3 Kg7 32.Rd5 Rfe8 33.Nc4 Bd8 34.Kf2 f6 35.d7
Re7 36.Nd6 Kf8 37.Nc8 Re6 38.Re1 Rxe1 39.Kxe1 a6 40.Rd6 Kf7 41.d5 {#r} 1-0

[Event "6th Llucmajor Open 2017"]
[Site "Llucmajor ESP"]
[Date "2017.05.19"]
[Round "7.5"]
[White "Rotstein,A"]
[Black "Brunello,S"]
[Result "0-1"]
[WhiteElo "2489"]
[BlackElo "2565"]

1.d4 Nf6 2.Nf3 e6 3.e3 b6 4.Bd3 Bb7 5.O-O d5 6.b3 Nbd7 7.Bb2 c5 8.Nbd2 Be7
9.Ne5 O-O 10.Qf3 Rc8 11.Qh3 g6 12.Rad1 cxd4 13.exd4 Ne4 14.Nxd7 Qxd7 15.Bxe4
dxe4 16.c4 f5 17.d5 Rcd8 18.Qh6 Rf7 19.dxe6 Qxe6 20.Nb1 Rxd1 21.Rxd1 f4 22.Nc3
e3 23.Qh3 Qe5 24.Re1 Bb4 {#R} 0-1

[Event "6th Llucmajor Open 2017"]
[Site "Llucmajor ESP"]
[Date "2017.05.19"]
[Round "7.12"]
[White "Kohlweyer,B"]
[Black "Pap,M"]
[Result "0-1"]
[WhiteElo "2340"]
[BlackElo "2480"]

1.d4 Nf6 2.c4 e6 3.Nc3 Bb4 4.Qc2 O-O 5.e4 d5 6.e5 Ne4 7.Bd3 c5 8.Nf3 cxd4
9.Nxd4 Nd7 10.Bf4 Ndc5 11.O-O Bxc3 12.bxc3 Bd7 13.Be2 Na4 14.cxd5 exd5 15.c4
Rc8 16.Rfe1 Nb6 17.f3 Nc5 18.cxd5 Nxd5 19.Bg3 Qg5 20.Qc1 Qg6 21.Qd2 Rfd8
22.Bh4 Re8 23.Bf1 a6 24.Rac1 h6 25.Bc4 Nb6 26.Bf1 Qh5 27.Bg3 Nba4 28.f4 Red8
29.Qe3 Be6 30.Rc2 Rd7 31.Nb3 Rdc7 32.Rec1 b6 33.Nd4 Ra7 34.Bf2 Qg6 35.Qf3 Bg4
36.Qg3 Bf5 37.Qxg6 Bxg6 38.f5 Bh7 39.g4 Re8 40.Nb3 h5 41.h3 hxg4 42.hxg4 g6
43.Nxc5 Nxc5 44.Bxc5 bxc5 45.f6 g5 46.Rxc5 Bg6 47.Rc8 Rxc8 48.Rxc8+ Kh7 49.Bc4
Rb7 50.Kf2 a5 51.Ke3 Rb1 52.Rf8 Re1+ 53.Kd4 Re4+ 54.Kd5 Rxg4 55.Re8 Rf4 56.Kc5
g4 57.Bd5 g3 58.e6 fxe6 59.Rxe6 Rf5 60.Re7+ Kh6 61.Kd4 Rxf6 62.Re3 Rf4+ 63.Kc5
Rg4 64.Bg2 Rg5+ 65.Kd4 Kh5 66.Rc3 Kh4 67.Ke3 Re5+ 68.Kd2 Bh5 69.Rc4+ Kg5
70.Kc3 Rf5 71.Kd3 Rf2 72.Rc5+ Kh4 73.Rc4+ Bg4 74.Bd5 Kh3 75.Ra4 Bf3 76.Be6+
Kh2 77.Ke3 Bc6 78.Rxa5 Rf3+ 79.Ke2 Rf6 80.Rh5+ Kg1 81.Bg4 g2 82.Rh8 Rf2+
83.Ke1 Rf1+ 84.Kd2 Kf2 85.Rf8+ Kg3 86.Rg8 Kf4 {#R} 0-1

[Event "6th Llucmajor Open 2017"]
[Site "Llucmajor ESP"]
[Date "2017.05.19"]
[Round "7.13"]
[White "Oms Fuentes,L"]
[Black "Tratar,M"]
[Result "1-0"]
[WhiteElo "2312"]
[BlackElo "2460"]

1.e4 e6 2.d4 d5 3.Nc3 Bb4 4.Qg4 Nf6 5.Qxg7 Rg8 6.Qh6 c5 7.e5 cxd4 8.a3 Bf8
9.Qxf6 Qxf6 10.exf6 dxc3 11.Ne2 Nd7 12.Nxc3 a6 13.g3 Nxf6 14.Bg2 b5 15.Be3 Bb7
16.Bd4 Bg7 17.O-O Rc8 18.Rfe1 Kf8 19.Rad1 Ne8 20.Bxg7+ Kxg7 21.Bf1 Nd6 22.Rd4
Nf5 23.Rd2 Kf6 24.f3 Nd6 25.Rd4 Nf5 26.Rd2 Rc7 27.Bd3 Nd6 28.f4 h5 29.Kf2 h4
30.Rg1 hxg3+ 31.hxg3 Rh8 32.Ke1 Rxc3 33.bxc3 Rc8 34.Rh2 Rxc3 35.g4 Rxa3 36.g5+
Kg7 37.Ke2 Ne4 38.Bxe4 dxe4 39.Rgh1 e3 40.Rh7+ Kf8 41.Rh8+ Ke7 42.g6 {#r} 1-0

[Event "6th Llucmajor Open 2017"]
[Site "Llucmajor ESP"]
[Date "2017.05.19"]
[Round "7.14"]
[White "Almagro Llamas,P"]
[Black "Ibanez Aullana,J"]
[Result "1-0"]
[WhiteElo "2456"]
[BlackElo "2245"]

1.d4 Nf6 2.Nf3 e6 3.e3 d5 4.c4 Be7 5.Nbd2 O-O 6.b3 b6 7.Bb2 Bb7 8.Bd3 Nbd7
9.O-O c5 10.Qe2 Ne4 11.Rfd1 Nxd2 12.Rxd2 cxd4 13.Nxd4 Bb4 14.Rdd1 Qe7 15.Rac1
Rac8 16.cxd5 Bxd5 17.Qh5 Nf6 18.Qh4 Ne4 19.Qxe7 Bxe7 20.Ba6 Rxc1 21.Rxc1 Nc5
22.Be2 a5 23.f3 f5 24.Kf2 Bh4+ 25.g3 Bf6 26.Ba3 Be7 27.Nb5 Rc8 28.Bb2 Kf7
29.h4 g6 30.Kf1 Rd8 31.Be5 Bxf3 32.Bc7 Bxe2+ 33.Kxe2 Rd7 34.Bxb6 Ne4 35.Bxa5
Nxg3+ 36.Kf3 Ne4 37.Be1 g5 38.hxg5 Rd5 39.Nd4 Nxg5+ 40.Ke2 Bc5 41.a4 f4 42.b4
Bxd4 43.exd4 Rxd4 44.a5 Re4+ 45.Kf1 Nf3 46.a6 Re3 47.Ra1 Nh2+ 48.Kg1 Nf3+
49.Kf2 Nxe1 50.a7 Nd3+ 51.Kf1 Nxb4 52.a8=Q Nd5 53.Ra7+ Kf6 54.Qh8+ Kf5
55.Qxh7+ Ke5 56.Qg7+ Kf5 57.Qf7+ Ke5 58.Ra6 Rf3+ 59.Kg2 Rg3+ 60.Kf2 Ke4 {#r}
1-0

[Event "6th Llucmajor Open 2017"]
[Site "Llucmajor ESP"]
[Date "2017.05.19"]
[Round "7.15"]
[White "Bendayan Claros,A"]
[Black "Colovic,A"]
[Result "0-1"]
[WhiteElo "2197"]
[BlackElo "2443"]

1.d4 Nf6 2.c4 e6 3.Nc3 Bb4 4.e3 O-O 5.Ne2 c6 6.a3 Ba5 7.Ng3 d5 8.Qc2 Nbd7
9.Be2 e5 10.O-O exd4 11.exd4 dxc4 12.Bxc4 Nb6 13.Ba2 Nbd5 14.Bg5 h6 15.Nxd5
hxg5 16.Nxf6+ Qxf6 17.d5 Bd7 18.Rad1 Rad8 19.Rd3 g4 20.Rfd1 Bb6 21.R3d2 g6
22.b4 Rfe8 23.Ne4 Qe5 24.Nc5 {#R} 0-1

[Event "6th Llucmajor Open 2017"]
[Site "Llucmajor ESP"]
[Date "2017.05.19"]
[Round "7.16"]
[White "Minzer,C"]
[Black "Nielsen,Andre"]
[Result "1-0"]
[WhiteElo "2432"]
[BlackElo "2056"]

1.d4 Nf6 2.c4 e6 3.Nc3 Bb4 4.e3 O-O 5.Ne2 d5 6.a3 Bd6 7.Ng3 c6 8.Be2 Nbd7
9.O-O dxc4 10.Bxc4 Nb6 11.Be2 Nbd5 12.f4 c5 13.Nce4 Nxe4 14.Nxe4 cxd4 15.Nxd6
Qxd6 16.Qxd4 Rd8 17.Rd1 f5 18.b4 b6 19.Bb2 Qe7 20.e4 fxe4 21.Qxe4 Bb7 22.Bg4
Re8 23.Re1 Nf6 24.Bxe6+ Kh8 25.Qe5 Rad8 26.Re2 Rd6 27.Rae1 Red8 28.Bb3 Qf8
29.Qe7 Qxe7 30.Rxe7 R6d7 31.Ba4 Rxe7 32.Rxe7 Bd5 33.Rxa7 Bc4 34.Bxf6 gxf6
35.Bc6 Rd4 36.g3 Rd1+ 37.Kf2 Rd2+ 38.Ke3 Rxh2 39.Rb7 Rh3 40.Kf3 b5 41.Rb8+ Kg7
42.Bxb5 Bd5+ 43.Kf2 Rh2+ 44.Ke3 Rg2 45.Kd4 Be6 46.a4 Rxg3 47.a5 Rg4 48.Bc6
Rxf4+ 49.Kc5 h5 50.a6 Rc4+ 51.Kd6 Bg4 52.a7 Rxc6+ 53.Kxc6 Bf3+ 54.Kd6 h4
55.a8=Q Bxa8 56.Rxa8 {#r} 1-0

[Event "6th Llucmajor Open 2017"]
[Site "Llucmajor ESP"]
[Date "2017.05.20"]
[Round "8.4"]
[White "Goganov,A"]
[Black "Milliet,S"]
[Result "1-0"]
[WhiteElo "2592"]
[BlackElo "2347"]

1.d4 Nf6 2.c4 e6 3.Nf3 b6 4.g3 Bb7 5.Bg2 Be7 6.O-O O-O 7.Nc3 Ne4 8.Bd2 Bf6
9.Be1 d5 10.Qc2 c5 11.Rd1 Qe7 12.cxd5 exd5 13.dxc5 Qxc5 14.e3 Na6 15.Nd4 Rfe8
16.Qa4 Qc8 17.Ndb5 Nac5 18.Qc2 a6 19.Nxe4 Nxe4 20.Qxc8 Rexc8 21.Nd4 a5 22.f3
Nd6 23.Bc3 Re8 24.Rfe1 Re7 25.Kf2 Rae8 26.h4 Be5 27.Bh3 g6 28.b3 Rc7 29.Bb2
Bc8 30.Bxc8 Rexc8 31.Re2 Rd7 32.Red2 Bg7 33.Ne2 Bxb2 34.Rxb2 Nb5 35.Rd3 Rcd8
36.Rc2 Nc7 37.Rc6 b5 38.Rc5 a4 39.b4 Rb8 40.a3 Ne6 41.Rcxd5 Rc7 42.Nc3 Rbc8
43.Nxb5 Rc1 44.e4 Rh1 45.Rc3 Rxc3 46.Nxc3 Ra1 47.Nb5 h5 48.f4 Ra2+ 49.Kf3 Rb2
50.Rd3 f6 51.f5 Nf8 52.Nc7 Kg7 53.Na8 Kh6 54.Nb6 Ra2 55.Ke3 g5 56.hxg5+ Kxg5
57.Kf3 Nh7 58.Nxa4 Kh6 59.Nc5 Ng5+ 60.Ke3 Rg2 61.Kd4 Rf2 62.b5 Nf3+ 63.Ke3 Rf1
64.Ke2 {#r} 1-0

[Event "6th Llucmajor Open 2017"]
[Site "Llucmajor ESP"]
[Date "2017.05.20"]
[Round "8.6"]
[White "Postny,E"]
[Black "Minzer,C"]
[Result "1-0"]
[WhiteElo "2588"]
[BlackElo "2432"]

1.d4 d5 2.c4 e6 3.Nf3 Be7 4.g3 Nf6 5.Bg2 O-O 6.Qc2 c6 7.O-O b6 8.b3 Nbd7 9.Rd1
Bb7 10.Nc3 Ba6 11.Nd2 b5 12.e4 dxc4 13.bxc4 bxc4 14.Bb2 Rb8 15.Ne2 Qc7 16.Rab1
c5 17.d5 exd5 18.exd5 Nb6 19.d6 Bxd6 20.Bxf6 gxf6 21.Qf5 Bc8 22.Qh5 f5 23.Nf3
f6 24.Nh4 Be5 25.Nxf5 Bxf5 26.Qxf5 Rbd8 27.Be4 Rf7 28.Qe6 Kf8 29.Qh3 Rxd1+
30.Rxd1 Rd7 31.Rxd7 Qxd7 32.Qxd7 Nxd7 33.Bxh7 Nb6 34.Be4 Na4 35.Kf1 Nb2 36.Nc1
Na4 37.Ke1 Bd4 38.Ne2 Ke7 39.Bc2 Nb6 40.Nf4 Nd7 41.Ke2 Ne5 42.Ng6+ Nxg6
43.Bxg6 Kf8 44.f4 Kg7 45.Bf5 Bb2 46.Be6 Bc1 47.Bxc4 Kg6 48.Be6 Kg7 49.Bd5 Kg6
50.Bc4 Kg7 51.Kd3 Kg6 52.a4 Kf5 53.h3 a5 54.Bf7 c4+ 55.Kxc4 Bd2 56.h4 Bb4
57.h5 Bf8 58.Kb5 Kg4 59.Kxa5 Kxg3 60.Kb5 Kxf4 61.a5 {#r} 1-0

[Event "6th Llucmajor Open 2017"]
[Site "Llucmajor ESP"]
[Date "2017.05.20"]
[Round "8.7"]
[White "Arizmendi Martinez,J"]
[Black "Sylvan,J"]
[Result "1-0"]
[WhiteElo "2500"]
[BlackElo "2384"]

1.e4 c5 2.Nf3 Nc6 3.d4 cxd4 4.Nxd4 e6 5.Nb5 d6 6.c4 a6 7.N5c3 Nf6 8.Be2 Be7
9.O-O O-O 10.Bf4 b6 11.Re1 Bb7 12.Nd2 Rc8 13.Rc1 Ne5 14.a3 Nfd7 15.b4 f5
16.exf5 Rxf5 17.Bg3 Bg5 18.Rc2 Nf6 19.Bf1 Bf4 20.Nde4 Nxe4 21.Nxe4 Bxg3
22.hxg3 d5 23.cxd5 Rxc2 24.Qxc2 Qxd5 25.Qc7 h6 26.Qxb6 Rh5 27.Qd6 Qxd6 28.Nxd6
Bd5 29.Be2 Rg5 30.Bxa6 h5 31.Bb7 Bxb7 32.Nxb7 Nc4 33.a4 Nb2 34.Nc5 Rg4 35.a5
{#r} 1-0

[Event "6th Llucmajor Open 2017"]
[Site "Llucmajor ESP"]
[Date "2017.05.20"]
[Round "8.9"]
[White "Manik,M"]
[Black "Rotstein,A"]
[Result "0-1"]
[WhiteElo "2400"]
[BlackElo "2489"]

1.e4 g6 2.d4 Bg7 3.Nc3 c6 4.Nf3 d5 5.h3 Nh6 6.Bf4 f6 7.exd5 cxd5 8.Nb5 O-O
9.Nc7 e5 10.Bxh6 Qxc7 11.Bxg7 Kxg7 12.dxe5 fxe5 13.Qxd5 Nc6 14.O-O-O Rd8
15.Qc5 Rxd1+ 16.Kxd1 Bf5 17.Kc1 Rc8 18.Bb5 Qa5 19.Nxe5 Re8 20.Nf3 a6 21.a4
axb5 22.Qxb5 Qa7 23.Rf1 Re7 {#R} 0-1

[Event "6th Llucmajor Open 2017"]
[Site "Llucmajor ESP"]
[Date "2017.05.20"]
[Round "8.10"]
[White "Pap,M"]
[Black "Naumkin,I"]
[Result "1-0"]
[WhiteElo "2480"]
[BlackElo "2414"]

1.e4 e5 2.Nf3 Nc6 3.Bb5 a6 4.Ba4 Nf6 5.O-O Be7 6.Re1 b5 7.Bb3 O-O 8.c3 d6 9.h3
Na5 10.Bc2 c5 11.d4 Nd7 12.Kh1 Bb7 13.d5 Nc4 14.b3 Ncb6 15.a4 bxa4 16.bxa4 a5
17.Na3 f5 18.c4 f4 19.Bd3 Bc8 20.Nb5 Rf7 21.g3 fxg3 22.fxg3 Nf8 23.Ng1 Nbd7
24.Rf1 Rxf1 25.Qxf1 Nf6 26.Kh2 Ng6 27.Nf3 h6 28.Bd2 Qd7 29.Rb1 Nh7 30.Rb2 Bb7
31.Bc3 h5 32.h4 Rf8 33.Qg2 Bc8 34.Be2 Bd8 35.Bd2 Nh8 36.Ng1 Nf6 37.Kh1 Nf7
38.Rb1 Nh6 39.Rf1 Nhg4 40.Bd3 Rf7 41.Rf3 g6 42.Qf1 Rg7 43.Nh3 Nh7 44.Ng5 Nxg5
45.Rf8+ Kh7 46.hxg5 Be7 47.Rf7 Kg8 48.Rxg7+ Kxg7 49.Kg1 Qd8 50.Qc1 Bd7 51.Be2
Qf8 52.Qf1 Qd8 53.Qc1 Qf8 54.Be1 Qd8 55.Bd2 Qf8 56.Qe1 Qa8 57.Bxg4 Bxg4 58.Kg2
Qf8 59.Qf2 Qd8 60.Qe3 Qf8 61.Bxa5 Bxg5 62.Qd3 h4 63.gxh4 Bxh4 64.Qe3 Bg5
65.Qg3 Qc8 66.Nxd6 Qd7 67.Qxe5+ Kh6 68.Qh8+ Qh7 69.Nf7+ {#r} 1-0

[Event "6th Llucmajor Open 2017"]
[Site "Llucmajor ESP"]
[Date "2017.05.20"]
[Round "8.11"]
[White "Vassallo Barroche,M"]
[Black "Almagro Llamas,P"]
[Result "0-1"]
[WhiteElo "2378"]
[BlackElo "2456"]

1.d4 Nf6 2.Nf3 e6 3.c4 Bb4+ 4.Bd2 Qe7 5.g3 Nc6 6.Nc3 O-O 7.Bg2 d5 8.cxd5 exd5
9.O-O Bg4 10.a3 Bxc3 11.Bxc3 Rad8 12.Qc2 Ne4 13.e3 h5 14.Nd2 Bf5 15.Qb3 Rd6
16.Rfe1 h4 17.f3 Nxd2 18.Bxd2 hxg3 19.hxg3 Qg5 20.g4 Bc8 21.Qd1 Qh4 22.Qe2 Rh6
23.Qf2 Qh2+ 24.Kf1 b6 25.Rec1 Ba6+ 26.Ke1 Nxd4 27.exd4 Re8+ 28.Be3 Rhe6 29.Rc3
Qf4 {#R} 0-1

[Event "6th Llucmajor Open 2017"]
[Site "Llucmajor ESP"]
[Date "2017.05.20"]
[Round "8.13"]
[White "Galiana Fernandez,Adrian"]
[Black "Moroni,L"]
[Result "0-1"]
[WhiteElo "2216"]
[BlackElo "2448"]

1.Nf3 d5 2.d4 e6 3.c4 a6 4.cxd5 exd5 5.Nc3 c6 6.e4 dxe4 7.Ng5 Be7 8.Bc4 Nh6
9.Ngxe4 Nf5 10.d5 O-O 11.O-O b5 12.Bb3 c5 13.Bf4 c4 14.Bc2 Nd6 15.a4 b4
16.Nxd6 Bxd6 17.Bxd6 Qxd6 18.Ne4 Qe5 19.f4 Qe7 20.Qh5 Nd7 21.d6 Qd8 22.Rf3 f5
23.Rh3 h6 24.Rg3 Nf6 25.Qxh6 Ng4 26.Rxg4 fxg4 27.Qh5 Bf5 28.Rd1 Qe8 29.Qg5 Qe6
30.d7 Bxe4 31.Bxe4 Qxe4 32.d8=Q Raxd8 33.Rxd8 Qe1# 0-1

[Event "6th Llucmajor Open 2017"]
[Site "Llucmajor ESP"]
[Date "2017.05.20"]
[Round "8.14"]
[White "Colovic,A"]
[Black "Oms Fuentes,L"]
[Result "1-0"]
[WhiteElo "2443"]
[BlackElo "2312"]

1.d4 d5 2.c4 e6 3.Nc3 c5 4.cxd5 cxd4 5.Qa4+ Bd7 6.Qxd4 exd5 7.Qxd5 Nc6 8.Nf3
Nf6 9.Qb3 Be6 10.Qa4 Bc5 11.e3 O-O 12.Be2 a6 13.O-O b5 14.Qh4 Be7 15.Rd1 Qb6
16.e4 Bc5 17.e5 Ng4 18.Ne4 Ngxe5 19.Nxc5 Qxc5 20.Be3 Qc2 21.Rd2 Qf5 22.Nxe5
Nxe5 23.b3 Ng6 24.Qg5 Qxg5 25.Bxg5 f6 26.Be3 Rfd8 27.Rad1 Rxd2 28.Rxd2 Ne5
29.h3 Nf7 30.f4 Rd8 31.Bf3 Rxd2 32.Bxd2 Bc8 33.Kf2 Kf8 34.Ke3 Ke7 35.Kd4 Kd6
36.Bb4+ Kc7 37.Kc5 Nd6 38.Ba5+ Kd7 39.Kb6 f5 40.Bc6+ Kd8 41.Bc3 Ne8 42.Be5 Ke7
43.Bb7 {#r} 1-0

[Event "6th Llucmajor Open 2017"]
[Site "Llucmajor ESP"]
[Date "2017.05.20"]
[Round "8.16"]
[White "Forcen Esteban,D"]
[Black "Galiana Salom,J"]
[Result "1-0"]
[WhiteElo "2545"]
[BlackElo "2273"]

1.d4 f5 2.Bg5 d6 3.e3 g6 4.Nc3 Bg7 5.Bc4 c6 6.Nge2 d5 7.Bb3 Nf6 8.Nf4 Qd6 9.h4
Ng4 10.Nd3 h6 11.Bf4 e5 12.Bg3 Qe7 13.Kd2 Nd7 14.Qg1 e4 15.Nf4 Nf8 16.Nfxd5
cxd5 17.Nxd5 Qd8 18.Nc7+ Ke7 19.Nxa8 Be5 20.Bxe5 Nxe5 21.Nc7 Qxc7 22.dxe5 Qxe5
23.Qh2 Qxb2 24.Qc7+ Nd7 25.Rhd1 Qe5 26.Qc4 Qa5+ 27.Qc3 Qxc3+ 28.Kxc3 Nf6
29.Rd4 Bd7 30.Rad1 Bc6 31.Rd6 {#r} 1-0

[Event "6th Llucmajor Open 2017"]
[Site "Llucmajor ESP"]
[Date "2017.05.21"]
[Round "9.4"]
[White "Almagro Llamas,P"]
[Black "Hera,I"]
[Result "1-0"]
[WhiteElo "2456"]
[BlackElo "2618"]

1.d4 Nf6 2.Nf3 g6 3.g3 Bg7 4.Bg2 O-O 5.O-O d6 6.c4 Nbd7 7.Nc3 e5 8.e4 c6 9.h3
Qa5 10.Be3 Nb6 11.Nd2 Qb4 12.Qc1 exd4 13.Bxd4 Be6 14.a3 Qa5 15.e5 Nfd7 16.b4
Qa6 17.b5 cxb5 18.Nxb5 dxe5 19.Nc7 Qa4 20.Nxa8 exd4 21.Nxb6 axb6 22.Rb1 Qa6
23.Qb2 Ra8 24.Rfd1 Ra7 25.Bd5 Bxh3 26.Re1 Ra8 27.Re7 Rf8 28.Ne4 Bf5 29.Re1
Bxe4 30.Rxd7 Bxd5 31.cxd5 d3 32.Qb4 Bh6 33.f4 b5 34.Kg2 Qf6 35.Qe4 Qb2+ 36.Kh3
d2 37.Rd1 Qc1 38.Qe2 Qc8 39.Qe7 Bg7 40.Kg2 Bf6 41.Qxf6 Qxd7 42.Rxd2 Re8 43.f5
Re3 44.Qd4 Rxa3 45.f6 Qd6 46.Qf4 Ra6 47.Kf3 Qxf6 48.d6 Qc3+ 49.Kf2 Ra4 50.Qg5
Rg4 51.Qe3 Qf6+ 52.Qf3 Qg5 53.Rd5 f5 54.Qxg4 Qxg4 55.d7 Kg7 56.d8=Q Qb4
57.Rd7+ Kh6 58.Qh4+ Qxh4 59.gxh4 {#r} 1-0

[Event "6th Llucmajor Open 2017"]
[Site "Llucmajor ESP"]
[Date "2017.05.21"]
[Round "9.5"]
[White "Fridman,D"]
[Black "Colovic,A"]
[Result "1-0"]
[WhiteElo "2605"]
[BlackElo "2443"]

1.d4 d5 2.c4 dxc4 3.Nf3 a6 4.e3 b5 5.a4 Bb7 6.b3 e6 7.bxc4 bxc4 8.Bxc4 Nf6
9.O-O c5 10.Ba3 cxd4 11.Bxf8 Kxf8 12.Nxd4 Nc6 13.Nxc6 Bxc6 14.Qxd8+ Rxd8 15.a5
Bb5 16.Bxb5 axb5 17.Na3 b4 18.Nc2 Nd5 19.Rfb1 Rb8 20.e4 Nc3 21.Rxb4 Ke7 22.f3
Rxb4 23.Nxb4 Kd6 24.Nd3 f5 25.exf5 exf5 26.a6 Kd5 27.Ra5+ Kc4 28.Ne5+ Kb3
29.a7 Ra8 30.Kf2 g6 31.Ke3 Kb4 32.Nc6+ Kc4 33.Kf4 Nb5 34.Ke5 Re8+ 35.Kf6 Nc7
36.Kg7 Re6 37.a8=Q Nxa8 38.Rxa8 Rxc6 39.Kxh7 Kd4 40.Rg8 Ke3 41.Rxg6 Rc4 42.Rg5
Rh4+ 43.Kg6 f4 44.Rh5 {#r} 1-0

[Event "6th Llucmajor Open 2017"]
[Site "Llucmajor ESP"]
[Date "2017.05.21"]
[Round "9.7"]
[White "Moroni,L"]
[Black "Arizmendi Martinez,J"]
[Result "0-1"]
[WhiteElo "2448"]
[BlackElo "2500"]

1.c4 e5 2.Nc3 Nf6 3.Nf3 Nc6 4.e3 Be7 5.a3 a5 6.Qc2 O-O 7.b3 d5 8.cxd5 Nxd5
9.Nxd5 Qxd5 10.Bd3 Kh8 11.Be4 Qd6 12.Bb2 Ra6 13.d4 exd4 14.Nxd4 Nxd4 15.Bxd4
c5 16.Bc3 b5 17.O-O Qh6 18.Rad1 a4 19.Bb2 axb3 20.Qxb3 Rb6 21.Rd2 Kg8 22.Qc2
Ra6 23.Qb3 Rb6 24.Bc3 c4 25.Qb2 Bf6 26.Rb1 Be6 27.Bd4 Rbb8 28.Qb4 Bxd4 29.Rxd4
Qf6 30.a4 Qe5 31.axb5 Rb6 32.Bc6 g6 33.Rbd1 Kg7 34.h3 Qc7 35.Rd6 Qe7 36.Qc5
Rfb8 37.Qe5+ Kg8 38.e4 Rc8 39.f4 c3 40.R6d3 c2 41.Rf1 Qb4 42.Qd4 Qxd4+ 43.Rxd4
Rcxc6 {#R} 0-1

[Event "6th Llucmajor Open 2017"]
[Site "Llucmajor ESP"]
[Date "2017.05.21"]
[Round "9.9"]
[White "Houska,Jo"]
[Black "Forcen Esteban,D"]
[Result "1-0"]
[WhiteElo "2377"]
[BlackElo "2545"]

1.d4 Nf6 2.Nf3 g6 3.g3 Bg7 4.Bg2 O-O 5.c4 d6 6.O-O Nbd7 7.Nc3 e5 8.h3 Re8 9.e4
exd4 10.Nxd4 Nc5 11.Re1 Bd7 12.Bf4 h6 13.Qc2 Nfxe4 14.Nxe4 Bxd4 15.Nxc5 dxc5
16.Rxe8+ Qxe8 17.Bxh6 c6 18.Qd2 Qe6 19.Bf1 Re8 20.Rd1 Qf6 21.Qf4 Qh8 22.b4 Be6
23.bxc5 Bxc5 24.h4 Bf5 25.h5 Qb2 26.hxg6 Bxg6 27.Rd7 Qa1 28.Kg2 Re4 29.Qf3 Re6
30.Rd8+ Kh7 31.Bg5 Qe5 32.Bd3 Kg7 33.Bxg6 Rxg6 34.Bd2 Qe6 35.Bc3+ f6 36.Qd3
Be7 37.Rd7 Rh6 38.Kg1 Kf8 39.Rxb7 a6 40.Bd2 Rh8 41.Qg6 Qc8 42.Bh6+ {#r} 1-0

[Event "6th Llucmajor Open 2017"]
[Site "Llucmajor ESP"]
[Date "2017.05.21"]
[Round "9.13"]
[White "Milliet,S"]
[Black "Carlstedt,J"]
[Result "0-1"]
[WhiteElo "2347"]
[BlackElo "2434"]

1.e4 e5 2.Nf3 Nc6 3.Bb5 f5 4.d3 fxe4 5.dxe4 Nf6 6.O-O Bc5 7.Qd3 d6 8.Qc4 Qe7
9.Nc3 a6 10.Bxc6+ bxc6 11.Na4 Be6 12.Qd3 Ba7 13.Be3 Bxe3 14.Qxe3 O-O 15.Nc3
Nh5 16.g3 Rf6 17.Kg2 Raf8 18.Ng1 Bc4 19.Nce2 d5 20.f3 d4 21.Qd2 c5 22.Rf2 Qf7
23.b3 Bb5 24.Re1 c4 25.bxc4 Bxc4 26.Nc1 c5 27.Kh1 Rh6 28.Qg5 Qf6 29.Qxf6 gxf6
30.Kg2 Rg6 31.Nh3 Be6 32.c4 Kf7 33.Rc2 Bxh3+ 34.Kxh3 Nf4+ {#R} 0-1

[Event "6th Llucmajor Open 2017"]
[Site "Llucmajor ESP"]
[Date "2017.05.21"]
[Round "9.14"]
[White "Panelo,M"]
[Black "Serarols Mabras,Bernat"]
[Result "0-1"]
[WhiteElo "2383"]
[BlackElo "2287"]

1.d4 Nf6 2.c4 e6 3.Nf3 d5 4.Nc3 Bb4 5.Qa4+ Nc6 6.e3 O-O 7.Qc2 Re8 8.Bd2 dxc4
9.Bxc4 a6 10.O-O Bd6 11.a3 Qe7 12.h3 h6 13.Rfe1 e5 14.d5 e4 15.Nh2 Nb8 16.Nf1
Nbd7 17.Ng3 Nb6 18.Ba2 h5 19.Red1 h4 20.Nf1 Qe5 21.Ne2 Nbxd5 22.Nf4 Nxf4
23.exf4 Qf5 24.Qb3 Nh5 25.Ne3 Qxf4 26.Ng4 Qf5 27.Bc3 Qg6 28.Qd5 Nf4 29.Qb3
Ne2+ 30.Kf1 Nxc3 31.Qxc3 Bxg4 32.hxg4 Qxg4 33.Rd5 e3 34.Rd4 e2+ 35.Ke1 Qxg2
{#R} 0-1

[Event "47th Bosna Open 2017"]
[Site "Sarajevo BIH"]
[Date "2017.05.19"]
[Round "9.14"]
[White "Stankovic,Milo"]
[Black "Eric,J"]
[Result "1-0"]
[WhiteElo "2406"]
[BlackElo "2237"]

1.e4 e6 2.d4 d5 3.Nc3 Nf6 4.Bg5 Bb4 5.e5 h6 6.Bh4 g5 7.Bg3 Ne4 8.Ne2 c5 9.a3
Bxc3+ 10.Nxc3 Qa5 11.dxc5 Nc6 12.Qd3 Bd7 13.O-O-O Nxc5 14.Qb5 Qxb5 {#r} 1-0

[Event "16th Asian Continental"]
[Site "Chengdu CHN"]
[Date "2017.05.17"]
[Round "6.9"]
[White "Vidit,S"]
[Black "Batchuluun,T"]
[Result "1-0"]
[WhiteElo "2687"]
[BlackElo "2525"]

1.Nf3 Nf6 2.g3 d5 3.Bg2 e6 4.c4 dxc4 5.Qa4+ Nbd7 6.Qxc4 a6 7.Qc2 c5 8.Nc3 Qc7
9.O-O b6 10.d4 Bb7 11.Bf4 Bd6 12.Bxd6 Qxd6 13.Rfd1 O-O 14.e4 cxd4 15.Nxd4 Qc7
16.Rac1 Rac8 17.f4 Qb8 18.e5 Nd5 19.Bxd5 Bxd5 20.Nf5 exf5 21.Rxd5 Qa7 22.Qxf5
b5+ 23.Kh1 Nb6 24.Rdd1 Na4 25.Nd5 Rxc1 26.Rxc1 Qa8 27.Qe4 Nxb2 28.Rc7 Kh8
29.Kg1 Nc4 30.Qd4 Qe8 31.Qc5 h6 32.Rc6 Rg8 33.Rxa6 Qd7 34.Qc6 Qg4 35.Nc3 b4
36.Qxc4 bxc3 37.Qxc3 Qe2 38.Rc6 Qxa2 39.Qc2 Qa1+ 40.Kg2 Qd4 41.Rd6 Qe3 42.Rd7
Rf8 43.Qc4 Kg8 44.Re7 Qd2+ 45.Kh3 Qd1 46.Rc7 Qh5+ 47.Kg2 Qf5 48.Qc2 Qxc2+
49.Rxc2 g6 50.g4 Ra8 51.Rc3 Ra4 52.Kg3 Kg7 53.h4 Rb4 54.h5 gxh5 55.gxh5 Ra4
56.Rc7 Ra3+ 57.Kg4 Re3 58.Kf5 Re1 59.Rc3 Ra1 60.Rd3 Ra2 61.Rd1 Rb2 62.Rd7 Rb5
63.Ke4 Rb4+ 64.Rd4 Rb1 65.f5 Rh1 66.f6+ Kg8 67.Rd8+ Kh7 68.Rd7 Kg8 69.Kd5 Ra1
70.Rc7 Rd1+ 71.Kc6 Rd2 72.Rd7 Ra2 73.Rd8+ Kh7 74.Kd7 Ra6 75.Ke8 Re6+ 76.Kf8
Rxe5 77.Rd7 Rxh5 78.Kxf7 Re5 79.Re7 Ra5 80.Ke6+ Kg6 81.Rg7+ Kh5 82.Rg1 Ra6+
83.Kf7 Kh4 84.Kg7 h5 85.f7 Ra8 86.f8=Q Rxf8 87.Kxf8 Kh3 88.Kg7 Kh2 89.Rg5 h4
90.Kh6 h3 91.Kh5 Kh1 92.Kh4 h2 93.Kg3 Kg1 94.Kh3+ {#r} 1-0

[Event "16th Asian Continental w"]
[Site "Chengdu CHN"]
[Date "2017.05.16"]
[Round "5.3"]
[White "Hoang Thi Bao Tram"]
[Black "Gomes,Mary"]
[Result "1-0"]
[WhiteElo "2371"]
[BlackElo "2318"]

1.d4 c5 2.d5 Nf6 3.c4 e6 4.Nc3 exd5 5.cxd5 d6 6.e4 g6 7.f4 Bg7 8.Bb5+ Nfd7
9.a4 Qh4+ 10.g3 Qe7 11.Qe2 Na6 12.Nf3 O-O 13.O-O Nb4 14.f5 a6 15.Bxd7 Bxd7
16.Nh4 Rfe8 17.Qf3 Nc2 18.Rb1 Nd4 19.Qf4 Bxa4 20.f6 Bxf6 21.Qxf6 Qxf6 22.Rxf6
Bc2 23.Bg5 Bxb1 24.Nxb1 Rxe4 25.Nc3 Rg4 26.Bd2 Rd8 27.Rf2 b5 28.Ng2 b4 29.Na4
Nb5 30.Bf4 g5 31.Ne3 gxf4 32.Nxg4 fxg3 33.hxg3 c4 34.Rf4 c3 35.bxc3 bxc3
36.Rc4 Kg7 37.Nxc3 Re8 38.Kf2 f5 39.Ne3 Nxc3 40.Rxc3 Kf6 41.Kf3 h5 42.Rc6 Ke5
43.Rxa6 Rg8 44.Ra7 Rh8 45.Rf7 h4 46.Rxf5+ {#r} 1-0

[Event "16th Asian Continental w"]
[Site "Chengdu CHN"]
[Date "2017.05.16"]
[Round "5.5"]
[White "Nakhbayeva,G"]
[Black "Xiao,Yiyi"]
[Result "1-0"]
[WhiteElo "2321"]
[BlackElo "2287"]

1.d4 Nf6 2.c4 e6 3.Nc3 Bb4 4.e3 O-O 5.Bd3 d5 6.Nf3 c5 7.O-O Nc6 8.cxd5 exd5
9.dxc5 Bxc5 10.h3 Bb6 11.b3 Be6 12.Ba3 Re8 13.Rc1 a6 14.Na4 Bc7 15.Nc5 Bc8
16.Nxa6 Bb6 17.Bb2 Qd6 18.Bxf6 Qxf6 19.Nc5 Rxa2 20.Na4 Ba5 21.Rc5 Be6 22.Bxh7+
Kxh7 23.Qb1+ Qg6 24.Qxa2 Bxh3 25.Nh4 Qg5 26.Qc2+ g6 27.Qc4 dxc4 28.Rxg5 Be6
29.Nc5 Bd8 30.Nxe6 Rxe6 31.Nf3 f5 32.bxc4 Ne5 33.Rg3 Nxc4 34.Rd1 Rd6 35.Rxd6
Nxd6 36.Kf1 Ne4 37.Rh3+ Kg7 38.Rh1 b5 39.Nd4 Bb6 40.Nxb5 f4 41.exf4 Nxf2
42.Rh4 Ne4 43.Ke2 g5 44.fxg5 Nxg5 45.Rc4 Bd8 46.Rc6 Bf6 47.Nc7 Kf7 48.Ke3 Be5
49.g4 Bh2 50.Nd5 Bg1+ 51.Kf4 Ne6+ 52.Ke5 Bh2+ 53.Ke4 Bg3 54.Rb6 Bh2 55.Rb7+
Kg6 56.Rb2 Nc5+ 57.Kf3 Be5 58.Rb5 Ne6 59.Ne7+ {#r} 1-0